Alkohol na pracovisku

Použitie alkoholu na pracovisku alebo nástup do práce pod vplyvom alkoholu je dôvodom na okamžité skončenie pracovného pomeru. Kontrolná činnosť.

Salvato in:
Dettagli Bibliografici
Autore principale: Šukalová, Viera
Natura: Capitolo di libro
Lingua:slovacco
Soggetti:
Tags: Aggiungi Tag
Nessun Tag, puoi essere il primo ad aggiungerne!!

MARC

LEADER 00000naa a2200000 4500
001 0196231
005 20231120134915.9
041 0 |a slo 
044 |a SK 
245 1 0 |a Alkohol na pracovisku  |c Viera Šukalová 
520 |a Použitie alkoholu na pracovisku alebo nástup do práce pod vplyvom alkoholu je dôvodom na okamžité skončenie pracovného pomeru. Kontrolná činnosť. 
610 2 0 |a pracovisko 
610 2 0 |a nápoje alkoholické 
610 2 0 |a kontrola 
100 1 |a Šukalová, Viera